[Event "Vlissingen HZ op 17th"]
[Site "Vlissingen"]
[Date "2013.08.05"]
[Round "4"]
[White "Kuling, Lody"]
[Black "Tan, Matthew"]
[Result "0-1"]
[WhiteElo "2246"]
[BlackElo "2444"]
[PlyCount "54"]
[EventDate "2013.08.03"]
[EventType "swiss"]
[EventRounds "9"]
[EventCountry "NED"]
[SourceTitle "CBM 155 Extra"]
[Source "ChessBase"]
[SourceDate "2013.08.26"]
[SourceVersion "1"]
[SourceVersionDate "2013.08.26"]
[SourceQuality "1"]

1. d4 Nf6 2. c4 c5 3. d5 e6 4. Nc3 exd5 5. cxd5 d6 6. e4 g6 7. Nf3 Bg7 8. h3 0-0 9. Be2 Re8 10. Nd2 Na6 11. 0-0 Nc7 12. a4 a6 13. Qc2 Rb8 14. Rb1 b5 15. b4 cxb4 16. Rxb4 a5 17. Rxb5 Nxb5 18. Bxb5 Bd7 19. Ba3 Rc8 20. Qd3 Ng4 21. Bxd7 Ne5 22. Qe2 Nxd7 23. Nb5 Nc5 24. Na7 Rc7 25. Nc6 Qd7 26. Bxc5 dxc5 27. Qc4 Rxc6 0-1

[Event "Groningen op-A 50th"]
[Site "Groningen"]
[Date "2012.12.28"]
[Round "7"]
[White "Majhi, Ankit"]
[Black "Kuling, Lody"]
[Result "1-0"]
[WhiteElo "1984"]
[BlackElo "2246"]
[PlyCount "75"]
[EventDate "2012.12.21"]
[EventType "swiss"]
[EventRounds "9"]
[EventCountry "NED"]
[SourceTitle "CBM 152 Extra"]
[Source "ChessBase"]
[SourceDate "2013.02.25"]
[SourceVersion "1"]
[SourceVersionDate "2013.02.25"]
[SourceQuality "1"]

1. e4 c5 2. Nf3 d6 3. d4 cxd4 4. Nxd4 Nf6 5. Nc3 a6 6. Be3 e5 7. Nb3 Be7 8. f3 0-0 9. Qd2 Nbd7 10. g4 b5 11. g5 b4 12. Ne2 Ne8 13. 0-0-0 a5 14. Kb1 Nb6 15. Ng3 Qc7 16. h4 a4 17. Nc1 Nc4 18. Bxc4 Qxc4 19. h5 Nc7 20. g6 fxg6 21. hxg6 hxg6 22. Bg5 Bxg5 23. Qxg5 Rf6 24. f4 exf4 25. e5 Ne6 26. Qh4 dxe5 27. Nd3 Ra5 28. b3 Qc6 29. Nxb4 Qb7 30. Ne4 Qxe4 31. Qh8+ Kf7 32. Qxc8 g5 33. Nc6 Rd5 34. Qb7+ Nc7 35. Qxc7+ Ke6 36. Rde1 Qg2 37. Nd4+ Rxd4 38. Rxe5# 1-0

[Event "Groningen op-A 50th"]
[Site "Groningen"]
[Date "2012.12.21"]
[Round "1"]
[White "Kuling, Lody"]
[Black "Deviatkin, Andrei"]
[Result "1/2-1/2"]
[WhiteElo "2246"]
[BlackElo "2569"]
[PlyCount "178"]
[EventDate "2012.12.21"]
[EventType "swiss"]
[EventRounds "9"]
[EventCountry "NED"]
[SourceTitle "CBM 152 Extra"]
[Source "ChessBase"]
[SourceDate "2013.02.25"]
[SourceVersion "1"]
[SourceVersionDate "2013.02.25"]
[SourceQuality "1"]

1. e4 c6 2. Nc3 d5 3. Nf3 dxe4 4. Nxe4 Bf5 5. Ng3 Bg4 6. Bc4 e6 7. c3 Nd7 8. d4 Ngf6 9. h3 Bxf3 10. Qxf3 Be7 11. 0-0 0-0 12. Re1 Nd5 13. Bb3 Bg5 14. c4 Bxc1 15. Raxc1 Ne7 16. d5 Nc5 17. dxe6 Nxe6 18. Rcd1 Qc7 19. Qg4 Rad8 20. Rxd8 Qxd8 21. Rd1 Qc7 22. Nf5 Nxf5 23. Qxf5 c5 24. Bc2 g6 25. Qf6 Nd4 26. Be4 Qd8 27. Qxd8 Rxd8 28. Kf1 Kg7 29. Rd3 a5 30. Re3 Kf8 31. h4 b6 32. h5 Re8 33. hxg6 hxg6 34. Bd3 Rxe3 35. fxe3 Nc6 36. Be4 Ne5 37. b3 Ke7 38. Ke2 Kf6 39. Bc2 Kg5 40. Kf2 Kh4 41. Be4 a4 42. Bc2 a3 43. Be4 f5 44. Bc2 Kg4 45. Bd1+ Kg5 46. Bc2 Kh4 47. Bb1 Kg4 48. Bc2 Nc6 49. Bd1+ Kg5 50. Bc2 Nb4 51. Bb1 Kf6 52. Kf3 Ke5 53. Ke2 Nc6 54. Kf3 g5 55. g4 fxg4+ 56. Kxg4 Kf6 57. Be4 Ne5+ 58. Kg3 Ke7 59. Kf2 Kd6 60. Ke2 Kc7 61. Kd2 Kb8 62. Bh1 Ka7 63. Kc3 g4 64. b4 g3 65. Kb3 Ka6 66. e4 Kb7 67. bxc5 bxc5 68. Kxa3 Nxc4+ 69. Kb3 Ne5 70. Bg2 Kb6 71. Bf1 Ka5 72. a3 Ng4 73. Bh3 Ne5 74. Bf1 Nf3 75. Kc3 Ka4 76. Kd3 Kxa3 77. Ke3 Nh4 78. e5 g2 79. Bxg2 Nxg2+ 80. Kd2 Nf4 81. Kc3 Ne6 82. Kc4 Ka4 83. Kd5 Kb3 84. Kxe6 c4 85. Kf7 c3 86. e6 c2 87. e7 c1Q 88. e8Q Qc4+ 89. Qe6 Qxe6+ 1/2-1/2

[Event "Amsterdam Science Park op-A 2nd"]
[Site "Amsterdam"]
[Date "2012.07.19"]
[Round "6"]
[White "Wiersma, Eelke"]
[Black "Kuling, Lody"]
[Result "1/2-1/2"]
[WhiteElo "2375"]
[BlackElo "2244"]
[PlyCount "42"]
[EventDate "2012.07.14"]
[EventType "swiss"]
[EventRounds "9"]
[EventCountry "NED"]
[SourceTitle "CBM 149 Extra"]
[Source "ChessBase"]
[SourceDate "2012.08.24"]
[SourceVersion "1"]
[SourceVersionDate "2012.08.24"]
[SourceQuality "1"]

1. d4 Nf6 2. c4 e5 3. dxe5 Ng4 4. Bf4 Nc6 5. Nf3 Bb4+ 6. Nc3 Qe7 7. Qd5 f6 8. exf6 Bxc3+ 9. bxc3 Nxf6 10. Qd3 d6 11. g3 0-0 12. Bg2 Bg4 13. 0-0 Rae8 14. Rab1 b6 15. Rfe1 Kh8 16. Nd4 Ne5 17. Bxe5 dxe5 18. Nf5 Bxf5 19. Qxf5 Qc5 20. e3 Qxc4 21. Qc2 Rd8 1/2-1/2

[Event "Amsterdam Science Park op-A 2nd"]
[Site "Amsterdam"]
[Date "2012.07.18"]
[Round "5"]
[White "Schoorl, Rob"]
[Black "Kuling, Lody"]
[Result "1/2-1/2"]
[WhiteElo "2362"]
[BlackElo "2244"]
[PlyCount "113"]
[EventDate "2012.07.14"]
[EventType "swiss"]
[EventRounds "9"]
[EventCountry "NED"]
[SourceTitle "CBM 149 Extra"]
[Source "ChessBase"]
[SourceDate "2012.08.24"]
[SourceVersion "1"]
[SourceVersionDate "2012.08.24"]
[SourceQuality "1"]

1. e4 c5 2. Nf3 d6 3. d4 cxd4 4. Nxd4 Nf6 5. Nc3 a6 6. Qe2 g6 7. Bg5 Bg7 8. 0-0-0 Nbd7 9. f4 Qa5 10. Nf3 h6 11. Bh4 Nh5 12. Qe3 Bxc3 13. bxc3 Qa3+ 14. Kd2 Nc5 15. Bc4 Be6 16. Bb3 Rc8 17. Ke2 Nxf4+ 18. Qxf4 Nxb3 19. axb3 g5 20. Qe3 gxh4 21. Rd3 Rg8 22. Kf2 Qc5 23. Qxc5 Rxc5 24. Nxh4 Rg4 25. Nf3 Rxe4 26. g3 Bf5 27. Nd4 Bg6 28. c4 Kf8 29. Rd2 b5 30. cxb5 axb5 31. h3 d5 32. b4 Rc8 33. Rc1 e5 34. Nxb5 Rxb4 35. Rxd5 Rb2 36. Rxe5 Rcxc2+ 37. Rxc2 Rxc2+ 38. Re2 Rxe2+ 39. Kxe2 Bf5 40. h4 Bd7 41. Nd4 Kg7 42. Ke3 Kg6 43. Kf4 Kf6 44. Nc2 Bf5 45. Ne3 Be6 46. Ke4 Bc8 47. Nd5+ Ke6 48. Ne3 Kf6 49. g4 Kg6 50. Kf4 h5 51. g5 f6 52. gxf6 Kxf6 53. Nd5+ Kg7 54. Kg5 Bg4 55. Nf6 Bd1 56. Nxh5+ Bxh5 57. Kf4 1/2-1/2

[Event "Amsterdam Science Park op-A 2nd"]
[Site "Amsterdam"]
[Date "2012.07.14"]
[Round "1"]
[White "Schroer, Marcel"]
[Black "Kuling, Lody"]
[Result "1-0"]
[WhiteElo "2088"]
[BlackElo "2244"]
[PlyCount "83"]
[EventDate "2012.07.14"]
[EventType "swiss"]
[EventRounds "9"]
[EventCountry "NED"]
[SourceTitle "CBM 149 Extra"]
[Source "ChessBase"]
[SourceDate "2012.08.24"]
[SourceVersion "1"]
[SourceVersionDate "2012.08.24"]
[SourceQuality "1"]

1. Nf3 Nf6 2. c4 c5 3. g3 g6 4. Bg2 Bg7 5. 0-0 Nc6 6. Nc3 0-0 7. d4 cxd4 8. Nxd4 Nxd4 9. Qxd4 d6 10. Qd3 Bf5 11. e4 Be6 12. b3 Nd7 13. Bd2 Rc8 14. Rac1 Ne5 15. Qe2 Nc6 16. Nd5 a6 17. Rfe1 Re8 18. Be3 Bd4 19. Rcd1 Bxe3 20. Qxe3 Bxd5 21. exd5 Ne5 22. Bh3 Nd7 23. Rd4 Rc7 24. Bxd7 Rxd7 25. Qh6 e5 26. dxe6 Rxe6 27. Red1 Qe7 28. Qf4 Re5 29. Rd5 Re4 30. Qf3 Re1+ 31. Rxe1 Qxe1+ 32. Kg2 Qe7 33. Qd3 b6 34. Qd4 Qd8 35. h4 h5 36. b4 Qc8 37. a4 Qc6 38. Kh2 Qxa4 39. Qxb6 Qa2 40. Qd4 Qb3 41. b5 axb5 42. Rxb5 1-0

[Event "Vlissingen HZ op 15th"]
[Site "Vlissingen"]
[Date "2011.08.05"]
[Round "8"]
[White "Kuling, Lody"]
[Black "Porte, Henrik"]
[Result "1-0"]
[WhiteElo "2223"]
[BlackElo "2119"]
[PlyCount "147"]
[EventDate "2011.07.30"]
[EventType "swiss"]
[EventRounds "9"]
[EventCountry "NED"]
[SourceTitle "CBM 143 Extra"]
[Source "ChessBase"]
[SourceDate "2011.08.29"]
[SourceVersion "1"]
[SourceVersionDate "2011.08.29"]
[SourceQuality "1"]

1. e4 c6 2. Nf3 d5 3. exd5 cxd5 4. Ne5 a6 5. d4 Nc6 6. Bd3 Nxd4 7. Bxh7 Rxh7 8. Qxd4 e6 9. Bf4 Bd6 10. Nd2 Ne7 11. 0-0-0 f6 12. Qd3 fxe5 13. Qxh7 exf4 14. Qxg7 Nf5 15. Qg6+ Kd7 16. h4 Kc7 17. h5 Bd7 18. h6 Qh8 19. h7 Be5 20. c3 Rc8 21. Kb1 Kb8 22. Nf3 Bf6 23. Qf7 Rd8 24. Qg6 Ne7 25. Qh6 e5 26. Ng5 Nf5 27. Qg6 Ne7 28. Qh6 Be8 29. a3 Nf5 30. Qxf6 Qxf6 31. h8Q Qxg5 32. Qxe5+ Ka8 33. Rxd5 Rxd5 34. Qxd5 Qf6 35. Ka1 Bc6 36. Qg8+ Ka7 37. Re1 Qd6 38. Qe6 Qxe6 39. Rxe6 Bxg2 40. Rf6 Be4 41. f3 Bd3 42. b4 Kb8 43. Rf7 Ka7 44. Rf6 Kb8 45. Rf7 Ka7 46. Kb2 Kb6 47. c4 Kc6 48. Kc3 Bb1 49. b5+ axb5 50. cxb5+ Kb6 51. Kb4 Ne3 52. Rf6+ Kc7 53. Kc5 Bf5 54. Rf7+ Bd7 55. b6+ Kd8 56. Rxf4 Bc6 57. Kd6 Ke8 58. Kc5 Kd7 59. Rd4+ Ke7 60. f4 Nf5 61. Rd1 Ke6 62. Re1+ Kf7 63. Re5 Ng3 64. Kd6 Ne4+ 65. Kc7 Nf2 66. Rc5 Bh1 67. Rc1 Be4 68. a4 Nd3 69. Rc4 Bg2 70. Kb8 Kf8 71. a5 Bd5 72. Rd4 Nxf4 73. Rxd5 Nxd5 74. Kxb7 1-0

[Event "Vlissingen HZ op 15th"]
[Site "Vlissingen"]
[Date "2011.08.02"]
[Round "5"]
[White "De Vleeschauwer, Maarten"]
[Black "Kuling, Lody"]
[Result "1/2-1/2"]
[WhiteElo "1918"]
[BlackElo "2223"]
[PlyCount "83"]
[EventDate "2011.07.30"]
[EventType "swiss"]
[EventRounds "9"]
[EventCountry "NED"]
[SourceTitle "CBM 143 Extra"]
[Source "ChessBase"]
[SourceDate "2011.08.29"]
[SourceVersion "1"]
[SourceVersionDate "2011.08.29"]
[SourceQuality "1"]

1. e4 c5 2. Nc3 g6 3. f4 Bg7 4. Nf3 Nc6 5. Bb5 Nd4 6. Bc4 a6 7. 0-0 e6 8. d3 Ne7 9. Bb3 0-0 10. Nxd4 cxd4 11. Ne2 Nc6 12. Qe1 d6 13. Qf2 Kh8 14. g4 f5 15. gxf5 exf5 16. Ng3 a5 17. a3 a4 18. Ba2 Ra5 19. Bd2 Rc5 20. Rac1 Qb6 21. b4 axb3 22. Bxb3 Qd8 23. Qe1 Bd7 24. exf5 Bxf5 25. Nxf5 Rcxf5 26. Be6 R5f6 27. Bd5 g5 28. f5 Rxf5 29. Rxf5 Rxf5 30. Qe6 Qf8 31. Re1 Be5 32. Be4 Rf6 33. Qd7 Rf7 34. Qe6 Rf6 35. Qd7 Rf7 36. Qe6 Nd8 37. Qh3 Qe7 38. Rf1 Rxf1+ 39. Kxf1 Ne6 40. Bxh7 Qxh7 41. Qxe6 Qxh2 42. Qe8+ 1/2-1/2

[Event "Vlissingen HZ op 15th"]
[Site "Vlissingen"]
[Date "2011.08.01"]
[Round "4"]
[White "Kuling, Lody"]
[Black "Fernandez, Daniel Howard"]
[Result "1/2-1/2"]
[WhiteElo "2223"]
[BlackElo "2328"]
[PlyCount "75"]
[EventDate "2011.07.30"]
[EventType "swiss"]
[EventRounds "9"]
[EventCountry "NED"]
[SourceTitle "CBM 143 Extra"]
[Source "ChessBase"]
[SourceDate "2011.08.29"]
[SourceVersion "1"]
[SourceVersionDate "2011.08.29"]
[SourceQuality "1"]

1. e4 c5 2. Nf3 e6 3. d4 cxd4 4. Nxd4 a6 5. Nc3 b5 6. Bd3 Bb7 7. 0-0 Ne7 8. a4 b4 9. Na2 Nec6 10. Nf3 a5 11. Bg5 Be7 12. Bxe7 Qxe7 13. Nc1 d6 14. Nb3 0-0 15. Qe2 Nd7 16. Rfe1 Rfd8 17. Qe3 Qf6 18. Rab1 h6 19. h3 g5 20. Bb5 Qf4 21. Rbd1 Qxe3 22. Rxe3 Nde5 23. Nxe5 Nxe5 24. Rd4 Ba6 25. Bxa6 Rxa6 26. c3 Rb8 27. cxb4 axb4 28. a5 Kf8 29. Re2 Ke7 30. Rc2 Nc6 31. Rd1 Rb5 32. Rxc6 Rxc6 33. Nd4 Rbc5 34. Nxc6+ Rxc6 35. Rd4 Rc1+ 36. Kh2 Ra1 37. Rxb4 Rxa5 38. Kg3 1/2-1/2

[Event "Vlissingen HZ op 15th"]
[Site "Vlissingen"]
[Date "2011.07.31"]
[Round "3"]
[White "Van Lankveld, Wil"]
[Black "Kuling, Lody"]
[Result "0-1"]
[WhiteElo "1989"]
[BlackElo "2223"]
[PlyCount "138"]
[EventDate "2011.07.30"]
[EventType "swiss"]
[EventRounds "9"]
[EventCountry "NED"]
[SourceTitle "CBM 143 Extra"]
[Source "ChessBase"]
[SourceDate "2011.08.29"]
[SourceVersion "1"]
[SourceVersionDate "2011.08.29"]
[SourceQuality "1"]

1. e4 c5 2. c3 Nf6 3. e5 Nd5 4. d4 cxd4 5. cxd4 Nc6 6. Nf3 g6 7. Bc4 Nb6 8. Bb3 Bg7 9. Nc3 0-0 10. Bf4 d5 11. h3 a5 12. 0-0 Bf5 13. Re1 Qd7 14. g4 Be6 15. Ng5 Nd8 16. Na4 Nxa4 17. Bxa4 b5 18. Bc2 f6 19. Nxe6 Nxe6 20. Bg3 Rac8 21. Bd3 Nxd4 22. e6 Nxe6 23. Bxb5 Qxb5 24. Rxe6 Rfe8 25. Rb1 Kf7 26. Qe1 Rc2 27. Re3 Rxb2 28. Rxb2 Qxb2 29. Qxa5 Qc1+ 30. Re1 Qc6 31. Bf4 Ra8 32. Qd2 Qc4 33. Rd1 Rxa2 34. Qxd5+ Qxd5 35. Rxd5 Ra7 36. Be3 Rb7 37. Kg2 e6 38. Ra5 Bf8 39. Ra8 Bd6 40. Rd8 Be7 41. Rh8 Kg7 42. Rc8 g5 43. Ra8 f5 44. gxf5 exf5 45. Bd4+ Bf6 46. Bxf6+ Kxf6 47. Ra6+ Kg7 48. Rc6 Rf7 49. Ra6 Rf6 50. Ra7+ Kg6 51. Ra8 Kh5 52. Ra4 Rb6 53. Rc4 h6 54. Ra4 f4 55. Ra8 Kh4 56. Ra3 Rf6 57. f3 Re6 58. Ra2 Rc6 59. Rb2 Re6 60. Ra2 Kh5 61. Rb2 Kg6 62. Ra2 Kf6 63. Rb2 Ke5 64. Ra2 Rc6 65. h4 gxh4 66. Ra3 Rc1 67. Ra5+ Kd4 68. Rh5 Rc2+ 69. Kh3 Ke3 0-1

[Event "Vlissingen HZ op 14th"]
[Site "Vlissingen"]
[Date "2010.08.14"]
[Round "9"]
[White "Kuling, Lody"]
[Black "Zomer, Koos"]
[Result "1/2-1/2"]
[WhiteElo "2208"]
[BlackElo "2061"]
[PlyCount "26"]
[EventDate "2010.08.07"]
[EventType "swiss"]
[EventRounds "9"]
[EventCountry "NED"]
[SourceTitle "CBM 137 Extra"]
[Source "ChessBase"]
[SourceDate "2010.09.01"]
[SourceVersion "1"]
[SourceVersionDate "2010.09.01"]
[SourceQuality "1"]

1. e4 c5 2. Nf3 Nf6 3. e5 Nd5 4. Nc3 e6 5. Ne4 Nc6 6. b3 f5 7. Nc3 Nde7 8. Bb2 a6 9. Ne2 Qc7 10. Nf4 g6 11. h4 Rg8 12. Qe2 b6 13. 0-0-0 a5 1/2-1/2

[Event "Vlissingen HZ op 14th"]
[Site "Vlissingen"]
[Date "2010.08.08"]
[Round "2"]
[White "De Ridder, Dieter"]
[Black "Kuling, Lody"]
[Result "0-1"]
[WhiteElo "1951"]
[BlackElo "2208"]
[PlyCount "60"]
[EventDate "2010.08.07"]
[EventType "swiss"]
[EventRounds "9"]
[EventCountry "NED"]
[SourceTitle "CBM 137 Extra"]
[Source "ChessBase"]
[SourceDate "2010.09.01"]
[SourceVersion "1"]
[SourceVersionDate "2010.09.01"]
[SourceQuality "1"]

1. e4 c5 2. Nf3 d6 3. Bb5+ Nd7 4. 0-0 Ngf6 5. Re1 a6 6. Bf1 b5 7. c3 Bb7 8. d3 e6 9. Bg5 Be7 10. Nbd2 h6 11. Bxf6 Bxf6 12. d4 e5 13. a4 Qb6 14. d5 Rb8 15. b3 0-0 16. Qe2 Bc8 17. Ra2 Bd8 18. axb5 axb5 19. Rea1 Nf6 20. Ra7 Ne8 21. Qd3 Nc7 22. Qe3 Na6 23. R7xa6 Bxa6 24. Bd3 Bc8 25. Nf1 Bd7 26. Ng3 Bf6 27. Nf5 Ra8 28. Rb1 Qc7 29. Nd2 Bg5 30. Qe2 Ra2 0-1

[Event "NED-ch U21"]
[Site "Haarlem"]
[Date "2010.05.08"]
[Round "9"]
[White "Rademakers, Maarten"]
[Black "Kuling, Lody"]
[Result "1/2-1/2"]
[WhiteElo "2053"]
[BlackElo "2224"]
[PlyCount "108"]
[EventDate "2010.04.29"]
[EventType "swiss"]
[EventRounds "9"]
[EventCountry "NED"]
[SourceTitle "EXT 2011"]
[Source "ChessBase"]
[SourceDate "2010.11.26"]
[SourceVersion "1"]
[SourceVersionDate "2010.11.26"]
[SourceQuality "1"]

1. e4 c5 2. Nf3 d6 3. d4 cxd4 4. Nxd4 Nf6 5. Nc3 a6 6. Be3 e5 7. Nb3 Be7 8. f3 Be6 9. Qd2 0-0 10. 0-0-0 a5 11. Bb5 Nbd7 12. Qf2 Rc8 13. g4 Rxc3 14. bxc3 a4 15. Bxa4 Qa8 16. Bb5 Qa3+ 17. Kd2 Rc8 18. g5 Ne8 19. Qe2 Nc7 20. Bc4 d5 21. exd5 Nxd5 22. Bxd5 Bxd5 23. Ke1 Bc4 24. Qd2 Nf8 25. Kf2 Qa6 26. h4 Qe6 27. Na5 f5 28. gxf6 Qxf6 29. Nxb7 Bxa2 30. Nd6 Rd8 31. Bc5 e4 32. Rh3 Ne6 33. Bb4 Nf4 34. Rhh1 Bd5 35. Qd4 e3+ 36. Qxe3 Bxd6 37. Bxd6 Qxd6 38. c4 Qc7 39. cxd5 Qxc2+ 40. Rd2 Qf5 41. Qe4 Qf7 42. d6 h6 43. Rc1 Qf6 44. Kg3 g5 45. hxg5 Qxg5+ 46. Kf2 Nh3+ 47. Ke2 Qg2+ 48. Kd1 Qf1+ 49. Qe1 Qxf3+ 50. Kc2 Qf5+ 51. Kd1 Qg4+ 52. Kc2 Qf5+ 53. Kd1 Qg4+ 54. Kc2 Qf5+ 1/2-1/2

[Event "NED-ch U21"]
[Site "Haarlem"]
[Date "2010.05.04"]
[Round "6"]
[White "Law, Nicky"]
[Black "Kuling, Lody"]
[Result "1/2-1/2"]
[WhiteElo "2151"]
[BlackElo "2224"]
[PlyCount "81"]
[EventDate "2010.04.29"]
[EventType "swiss"]
[EventRounds "9"]
[EventCountry "NED"]
[SourceTitle "EXT 2011"]
[Source "ChessBase"]
[SourceDate "2010.11.26"]
[SourceVersion "1"]
[SourceVersionDate "2010.11.26"]
[SourceQuality "1"]

1. d4 Nf6 2. Nf3 c5 3. d5 b5 4. c4 Bb7 5. Bf4 bxc4 6. Nc3 Qa5 7. Bd2 Qb6 8. e4 e6 9. Bxc4 Nxe4 10. Nxe4 exd5 11. Ng3 dxc4 12. 0-0 Bd5 13. Ba5 Qb7 14. Re1+ Be6 15. Rxe6+ fxe6 16. Ne5 d6 17. Qh5+ g6 18. Nxg6 hxg6 19. Qxh8 Nc6 20. Bc3 0-0-0 21. Qf6 Qd7 22. Re1 Ne7 23. Ba5 Re8 24. Rxe6 Nc6 25. Rxe8+ Qxe8 26. Bd2 Kd7 27. Nf1 Be7 28. Qf4 Qg8 29. Ne3 Nd4 30. Qg4+ Qe6 31. Qd1 Nc6 32. Qa4 d5 33. Qb5 Bd6 34. Ba5 Bf4 35. Bd2 Bxe3 36. Qb7+ Kd6 37. Bxe3 d4 38. Bf4+ Kd5 39. Kf1 Qf5 40. Bd2 Qd3+ 41. Ke1 1/2-1/2

[Event "NED-ch U21"]
[Site "Venlo"]
[Date "2009.05.02"]
[Round "9"]
[White "Van Kampen, Robin"]
[Black "Kuling, Lody"]
[Result "1-0"]
[WhiteElo "2475"]
[BlackElo "2205"]
[PlyCount "103"]
[EventDate "2009.04.24"]
[EventType "tourn"]
[EventRounds "9"]
[EventCountry "NED"]
[SourceTitle "CBM 130 Extra"]
[Source "ChessBase"]
[SourceDate "2009.07.02"]
[SourceVersion "2"]
[SourceVersionDate "2009.07.15"]
[SourceQuality "1"]

1. e4 c5 2. Nf3 d6 3. d4 cxd4 4. Nxd4 Nf6 5. Nc3 a6 6. h3 e5 7. Nde2 b5 8. g4 b4 9. Nd5 Bb7 10. Bg2 Nxd5 11. exd5 Nd7 12. 0-0 h5 13. gxh5 Rxh5 14. Ng3 Rh8 15. a3 a5 16. Bd2 Nb6 17. axb4 axb4 18. Bxb4 Rxa1 19. Qxa1 Bxd5 20. Bxd5 Nxd5 21. Qa4+ Ke7 22. Bxd6+ Kxd6 23. Rd1 Rxh3 24. c4 Rxg3+ 25. fxg3 Qb6+ 26. Kh1 Qf2 27. Rxd5+ Ke6 28. Qc6+ Kf5 29. Rd1 Qe2 30. Qd7+ Kf6 31. Rd2 Qe1+ 32. Kh2 Bc5 33. Qc6+ Kg5 34. Qg2 Bd4 35. Rc2 Kf6 36. c5 Qd1 37. Qe4 g5 38. g4 Qg1+ 39. Kh3 Qf1+ 40. Kg3 Qg1+ 41. Rg2 Qc1 42. c6 Ke7 43. b4 Kd6 44. b5 Kc7 45. Kh2 Qf1 46. Qf5 Qe1 47. Qxf7+ Kb6 48. Rg3 Qd2+ 49. Kh3 Qc1 50. Qb7+ Ka5 51. Qa6+ Kb4 52. Qa3+ 1-0

[Event "NED-ch U21"]
[Site "Venlo"]
[Date "2009.04.27"]
[Round "4"]
[White "Kuling, Lody"]
[Black "Burg, Twan"]
[Result "0-1"]
[WhiteElo "2205"]
[BlackElo "2362"]
[PlyCount "106"]
[EventDate "2009.04.24"]
[EventType "tourn"]
[EventRounds "9"]
[EventCountry "NED"]
[SourceTitle "CBM 130 Extra"]
[Source "ChessBase"]
[SourceDate "2009.07.02"]
[SourceVersion "2"]
[SourceVersionDate "2009.07.15"]
[SourceQuality "1"]

1. e4 c5 2. Nf3 d6 3. Bb5+ Nc6 4. 0-0 Bd7 5. Re1 Nf6 6. c3 a6 7. Bxc6 Bxc6 8. d4 Bxe4 9. Bg5 Bd5 10. c4 Bxc4 11. Nc3 Be6 12. dxc5 dxc5 13. Qa4+ Bd7 14. Qb3 Qc7 15. Bxf6 gxf6 16. Nd5 Qc6 17. Nd4 Qd6 18. Qxb7 Rc8 19. Nb6 Rb8 20. Nc4 Qf4 21. Qxa6 Bh6 22. Nc6 Rg8 23. g3 Kf8 24. Nxb8 Qxb8 25. Qb6 Qc8 26. Rxe7 Kxe7 27. Qd6+ Ke8 28. Qxf6 Bf8 29. Nb6 Qc6 30. Nxd7 Qxd7 31. Re1+ Be7 32. Qh6 Rg6 33. Qxh7 Qd4 34. Qh3 Kf8 35. Qc8+ Bd8 36. b3 Rf6 37. Re3 Kg7 38. h3 Bb6 39. Qg4+ Qxg4 40. hxg4 c4 41. Rc3 Rxf2 42. Rxc4 Rxa2+ 43. Kh1 Rb2 44. Rb4 Bc7 45. Rb5 Bxg3 46. Kg1 Kg6 47. Kf1 f6 48. Kg1 Be5 49. Kf1 Kg5 50. Rb4 Kh4 51. Kg1 Kg3 52. Kf1 Kf3 53. Kg1 Rb1# 0-1

[Event "NED-ch U21"]
[Site "Venlo"]
[Date "2009.04.25"]
[Round "2"]
[White "Kuling, Lody"]
[Black "Nicolai, Amir"]
[Result "1-0"]
[WhiteElo "2205"]
[BlackElo "1825"]
[PlyCount "125"]
[EventDate "2009.04.24"]
[EventType "tourn"]
[EventRounds "9"]
[EventCountry "NED"]
[SourceTitle "CBM 130 Extra"]
[Source "ChessBase"]
[SourceDate "2009.07.02"]
[SourceVersion "2"]
[SourceVersionDate "2009.07.15"]
[SourceQuality "1"]

1. e4 c5 2. Nf3 Nc6 3. Nc3 g6 4. Bb5 Bg7 5. 0-0 a6 6. Bxc6 dxc6 7. d3 Nf6 8. Be3 b6 9. h3 0-0 10. Qd2 Re8 11. Bh6 e5 12. Nh2 Ra7 13. Rae1 Qd6 14. Qg5 Qf8 15. Bxg7 Qxg7 16. Qe3 Nh5 17. b4 f5 18. bxc5 f4 19. Qd2 bxc5 20. Na4 Rf8 21. f3 Ng3 22. Rf2 c4 23. Nf1 cxd3 24. Qxd3 Qe7 25. Rd2 Be6 26. Qd6 Qxd6 27. Rxd6 Bxa2 28. Kf2 Nxf1 29. Rxf1 Rb7 30. Nc5 Rb2 31. Rc1 Rfb8 32. Rxc6 Rd8 33. Ke1 a5 34. Nd3 Rb5 35. Ra1 Bf7 36. Rc5 Rxc5 37. Nxc5 Bc4 38. Rxa5 Rb8 39. Ra1 Rc8 40. Ra5 Rb8 41. Nb3 Bxb3 42. cxb3 Rxb3 43. Rxe5 Rb1+ 44. Kf2 Rb2+ 45. Kg1 Kf7 46. h4 Kf6 47. Rd5 h5 48. Rd6+ Ke7 49. Rd3 Ke6 50. Kh2 Kf6 51. Kh3 Rb6 52. g3 fxg3 53. Kxg3 Ra6 54. Kf4 Ra1 55. Rd6+ Kg7 56. Rd7+ Kf6 57. e5+ Ke6 58. Rd6+ Kf7 59. Kg5 Rg1+ 60. Kh6 g5 61. hxg5 h4 62. g6+ Ke7 63. Rd4 1-0

[Event "Groningen op-A"]
[Site "Groningen"]
[Date "2008.12.27"]
[Round "6"]
[White "Simutowe, Amon"]
[Black "Kuling, Lody"]
[Result "1-0"]
[WhiteElo "2462"]
[BlackElo "2195"]
[PlyCount "109"]
[EventDate "2008.12.21"]
[EventType "swiss"]
[EventRounds "9"]
[EventCountry "NED"]
[SourceTitle "CBM 127 Extra"]
[Source "ChessBase"]
[SourceDate "2009.01.08"]
[SourceVersion "2"]
[SourceVersionDate "2009.01.28"]
[SourceQuality "1"]

1. c4 Nf6 2. Nc3 e5 3. Nf3 Nc6 4. e3 Bb4 5. Qc2 0-0 6. Nd5 Ba5 7. a3 d6 8. b4 Bb6 9. Nxb6 axb6 10. Bb2 Bg4 11. Be2 Qd7 12. d3 Rfe8 13. 0-0 h6 14. Rfd1 Bf5 15. Rac1 Bh7 16. Qc3 Qe7 17. Bf1 Rac8 18. h3 Bg6 19. Re1 Bh7 20. Red1 Qd7 21. Qb3 Rcd8 22. Bc3 Bg6 23. Qb2 Qe7 24. a4 Bf5 25. a5 bxa5 26. bxa5 Bc8 27. Qa2 d5 28. d4 exd4 29. Nxd4 Nxd4 30. Bxd4 c6 31. Qb2 Be6 32. cxd5 Rxd5 33. a6 bxa6 34. Rxc6 Rg5 35. f4 Ra5 36. Qb6 Ra2 37. Qb1 Nh5 38. Rxa6 Rxa6 39. Bxa6 Ng3 40. Bd3 Bc8 41. Kh2 Ne4 42. Qb5 Bd7 43. Qb2 Qh4 44. Bxe4 Rxe4 45. Rc1 Re6 46. Qb7 Rg6 47. Qf3 Bg4 48. Qg3 Qh5 49. Rc5 f5 50. Rc7 Kf8 51. Qf2 Be2 52. e4 Bd3 53. Qa2 Ra6 54. Bxg7+ Ke8 55. Qg8# 1-0

[Event "Groningen op-A"]
[Site "Groningen"]
[Date "2008.12.22"]
[Round "2"]
[White "Nicolai, Amir"]
[Black "Kuling, Lody"]
[Result "0-1"]
[WhiteElo "1819"]
[BlackElo "2195"]
[PlyCount "120"]
[EventDate "2008.12.21"]
[EventType "swiss"]
[EventRounds "9"]
[EventCountry "NED"]
[SourceTitle "CBM 127 Extra"]
[Source "ChessBase"]
[SourceDate "2009.01.08"]
[SourceVersion "2"]
[SourceVersionDate "2009.01.28"]
[SourceQuality "1"]

1. e4 c5 2. Nf3 d6 3. d4 cxd4 4. Nxd4 Nf6 5. Nc3 a6 6. Be3 e5 7. Nb3 Be7 8. f3 Be6 9. Qd2 0-0 10. 0-0-0 a5 11. Bb5 Nbd7 12. g4 Nb6 13. a4 Nc4 14. Bxc4 Bxc4 15. h4 b5 16. Nxb5 Qb8 17. g5 Nh5 18. Nc3 Bxb3 19. cxb3 Qxb3 20. Qd5 Qb4 21. Rh2 Rab8 22. Rc2 Rfc8 23. Qd2 Bf8 24. Kb1 Qb3 25. Rdc1 Rc4 26. Qd3 Rxa4 27. Qd5 Rc4 28. Nb5 Rb4 29. Nc3 a4 30. Qxb3 Rxb3 31. Ka2 a3 32. Rb1 Rxb2+ 33. Rcxb2 Rxb2+ 34. Rxb2 axb2 35. Kxb2 f6 36. Kb3 fxg5 37. hxg5 Kf7 38. Kc4 Ke6 39. Nd5 Ng3 40. Kd3 Be7 41. Nxe7 Kxe7 42. f4 exf4 43. Bxf4 Nh5 44. Bd2 Ke6 45. Kd4 g6 46. Be3 Ng7 47. Bd2 Ne8 48. Ba5 Ng7 49. Bd2 Kd7 50. Kd5 Ne6 51. e5 Nc7+ 52. Kd4 Ke6 53. exd6 Nb5+ 54. Ke4 Nxd6+ 55. Kf4 Kd5 56. Ba5 Nb5 57. Kg4 Ke4 58. Bd8 Na3 59. Be7 Nc4 60. Bd8 Ne5+ 0-1